[Event "Astrakhan Region-ch"]
[Site "Astrakhan"]
[Date "2012.10.17"]
[Round "5"]
[White "Shevchenko, Maxim"]
[Black "Mesnyankin, Nikita"]
[Result "1-0"]
[WhiteElo "2146"]
[BlackElo "1790"]
[PlyCount "58"]
[EventDate "2012.10.13"]
[EventType "swiss"]
[EventRounds "9"]
[EventCountry "RUS"]
[SourceTitle "EXT 2023"]
[Source "ChessBase"]
[SourceDate "2022.10.05"]
[SourceVersion "1"]
[SourceVersionDate "2022.10.05"]
[SourceQuality "1"]

1. d4 Nf6 2. Nf3 d5 3. c4 e6 4. g3 Be7 5. Bg2 0-0 6. 0-0 dxc4 7. Qc2 Nbd7 8. Qxc4 c6 9. b3 Nb6 10. Qc2 Qc7 11. Bb2 Bd7 12. Nbd2 Rac8 13. Rac1 Rfd8 14. e4 c5 15. e5 Nfd5 16. Qe4 Bb5 17. Rfd1 Nb4 18. dxc5 N6d5 19. Nd4 Bd3 20. Qg4 Bg6 21. Nc4 Nxa2 22. Ra1 Nab4 23. Nd6 Bxd6 24. cxd6 Qb6 25. h4 h5 26. Qe2 Nc2 27. Nxc2 Rxc2 28. Rd2 Qxb3 29. Rxc2 Bxc2 1-0

[Event "Astrakhan Region-ch"]
[Site "Astrakhan"]
[Date "2012.10.13"]
[Round "1"]
[White "Shevchenko, Maxim"]
[Black "Ektova, Elena"]
[Result "1-0"]
[WhiteElo "2146"]
[BlackElo "1806"]
[PlyCount "97"]
[EventDate "2012.10.13"]
[EventType "swiss"]
[EventRounds "9"]
[EventCountry "RUS"]
[SourceTitle "EXT 2023"]
[Source "ChessBase"]
[SourceDate "2022.10.05"]
[SourceVersion "1"]
[SourceVersionDate "2022.10.05"]
[SourceQuality "1"]

1. e4 c6 2. c4 d5 3. exd5 cxd5 4. cxd5 Qxd5 5. Nc3 Qd8 6. Nf3 Nc6 7. Bc4 Bf5 8. Qb3 e6 9. Qxb7 Qc8 10. Qb5 Rb8 11. Qa4 Rb4 12. Qa6 Qxa6 13. Bxa6 Bd6 14. Bb5 Nge7 15. 0-0 0-0 16. a3 Rg4 17. h3 Rg6 18. Nh4 Rf6 19. Nxf5 Rxf5 20. b4 Be5 21. Bd3 Rf6 22. Rb1 Rd8 23. Be4 Nd4 24. Re1 Bf4 25. Ne2 e5 26. g3 Bh6 27. Nxd4 Rxd4 28. d3 Bxc1 29. Rbxc1 Rfd6 30. Rc7 Rd7 31. Rxd7 Rxd7 32. Kf1 f5 33. Bg2 Ng6 34. Ke2 Rc7 35. Kd2 Kf7 36. b5 Ke6 37. a4 Ne7 38. f4 Rc5 39. d4 Rc4 40. d5+ Kd7 41. fxe5 Rxa4 42. Kc3 Ra3+ 43. Kd4 Rxg3 44. Bf1 f4 45. Ra1 Nc8 46. d6 f3 47. b6 Nxb6 48. Rxa7+ Kd8 49. e6 1-0